[Event "FICGS class A 000188 email"]
[Site "FICGS email"]
[Date "2018.05.18"]
[Round "1"]
[White "Duttagupta, Aniruddha"]
[Black "Polkwitzauer, Ardiantez"]
[Result "1/2-1/2"]
[WhiteElo "2101"]
[BlackElo "2000"]
[PlyCount "69"]
[EventDate "2018.??.??"]
[EventType "tourn (corr)"]
[EventRounds "6"]
[SourceTitle "Corr 2022"]
[Source "ChessBase"]
[SourceDate "2021.10.24"]
[SourceVersion "1"]
[SourceVersionDate "2021.10.24"]
[SourceQuality "1"]

1. d4 Nf6 2. c4 e6 3. g3 d5 4. Nf3 Bb4+ 5. Bd2 Be7 6. Bg2 0-0 7. 0-0 c6 8. Qc2 b6 9. Bf4 Nbd7 10. Rd1 Ba6 11. Ne5 Rc8 12. cxd5 Nxd5 13. Nxc6 Nb4 14. Qa4 Nxc6 15. Bxc6 Bxe2 16. Rc1 Nb8 17. Bg2 Rxc1+ 18. Bxc1 Qd7 19. Qxd7 Nxd7 20. Nc3 Bc4 21. Be3 Nf6 22. Rc1 Rd8 23. Ne4 Bxa2 24. Rc7 Bd5 25. Rxe7 Bxe4 26. Bxe4 Nxe4 27. Rxa7 h6 28. Ra6 b5 29. Kf1 g5 30. Ke2 Nf6 31. Ra5 Rd5 32. f3 h5 33. h4 g4 34. Ra8+ Kg7 35. Rb8 1/2-1/2

[Event "FICGS class A 000188 email"]
[Site "FICGS email"]
[Date "2018.05.18"]
[Round "1"]
[White "Gounant, Stanislas"]
[Black "Polkwitzauer, Ardiantez"]
[Result "1/2-1/2"]
[WhiteElo "2121"]
[BlackElo "2000"]
[PlyCount "45"]
[EventDate "2018.??.??"]
[EventType "tourn (corr)"]
[EventRounds "6"]
[SourceTitle "Corr 2022"]
[Source "ChessBase"]
[SourceDate "2021.10.24"]
[SourceVersion "1"]
[SourceVersionDate "2021.10.24"]
[SourceQuality "1"]

1. d4 Nf6 2. Nf3 e6 3. e3 b6 4. Bd3 Bb7 5. 0-0 d5 6. c4 dxc4 7. Bxc4 a6 8. b3 Bd6 9. Be2 Nbd7 10. Nbd2 0-0 11. Bb2 c5 12. Nc4 Bc7 13. dxc5 Nxc5 14. Qxd8 Rfxd8 15. Be5 Bxe5 16. Nfxe5 Nd5 17. Rac1 f6 18. Nf3 Rab8 19. Nxb6 Nxb3 20. axb3 Nxb6 21. Nd4 Rd6 22. g3 e5 23. Nf5 1/2-1/2

[Event "FICGS W-ch st1 g05 email"]
[Site "FICGS email"]
[Date "2017.07.01"]
[Round "1"]
[White "Polkwitzauer, Ardiantez"]
[Black "Flores, Luis"]
[Result "1/2-1/2"]
[WhiteElo "2026"]
[BlackElo "1957"]
[PlyCount "89"]
[EventDate "2017.??.??"]
[EventType "tourn (corr)"]
[EventRounds "8"]
[SourceTitle "Corr 2022"]
[Source "ChessBase"]
[SourceDate "2021.10.24"]
[SourceVersion "1"]
[SourceVersionDate "2021.10.24"]
[SourceQuality "1"]

1. e4 c5 2. Nf3 d6 3. d4 cxd4 4. Nxd4 Nf6 5. Nc3 a6 6. Be3 e5 7. Nb3 Be6 8. f3 Be7 9. Qd2 0-0 10. 0-0-0 Nbd7 11. g4 b5 12. g5 b4 13. Ne2 Ne8 14. f4 a5 15. f5 a4 16. Nbd4 exd4 17. Nxd4 b3 18. Kb1 bxc2+ 19. Nxc2 Bb3 20. axb3 axb3 21. Na3 Ne5 22. h4 Ra4 23. Rh3 Rxe4 24. Bg2 Rg4 25. Bd4 Qd7 26. Qf2 Rxg2 27. Qxg2 Qxf5+ 28. Ka1 Qe6 29. Re1 f6 30. Rhe3 Qf7 31. Rf1 Nc7 32. Bxe5 dxe5 33. Qb7 Bc5 34. Rxb3 f5 35. h5 g6 36. hxg6 hxg6 37. Qc6 Ne6 38. Rh1 e4 39. Rh6 Rd8 40. Rb7 Qe8 41. Qxe8+ Rxe8 42. Rxg6+ Kh8 43. Nc2 f4 44. Rh6+ Kg8 45. Rg6+ 1/2-1/2

[Event "FICGS W-ch st1 g02 email"]
[Site "FICGS email"]
[Date "2013.07.02"]
[Round "1"]
[White "Polkwitzauer, Ardiantez"]
[Black "D Agostino, Gabriele"]
[Result "0-1"]
[WhiteElo "2145"]
[BlackElo "2015"]
[PlyCount "56"]
[EventDate "2013.??.??"]
[EventType "tourn (corr)"]
[EventRounds "8"]
[SourceTitle "Corr 2022"]
[Source "ChessBase"]
[SourceDate "2021.10.24"]
[SourceVersion "1"]
[SourceVersionDate "2021.10.24"]
[SourceQuality "1"]

1. e4 c5 2. Nc3 a6 3. Nge2 b5 4. g3 Bb7 5. Bg2 e6 6. 0-0 Nf6 7. a3 d6 8. d3 Nbd7 9. d4 cxd4 10. Nxd4 Qc7 11. Re1 Be7 12. a4 b4 13. Na2 Nc5 14. Bg5 Ncxe4 15. Bxe4 Nxe4 16. Bxe7 Kxe7 17. Nxb4 Kf8 18. Ra3 h5 19. Rae3 Nc5 20. Nd3 h4 21. Qg4 Nxd3 22. Rxd3 Rh6 23. gxh4 Qa5 24. b4 Qh5 25. Qxh5 Rxh5 26. c3 Rxh4 27. f3 Rc8 28. Ree3 Ba8 0-1

[Event "FICGS W-ch st2 g04 email"]
[Site "FICGS email"]
[Date "2012.12.03"]
[Round "1"]
[White "Hamby, Stephen"]
[Black "Polkwitzauer, Ardiantez"]
[Result "0-1"]
[WhiteElo "2141"]
[BlackElo "2083"]
[PlyCount "60"]
[EventDate "2012.??.??"]
[EventType "tourn (corr)"]
[EventRounds "8"]
[SourceTitle "Corr 2022"]
[Source "ChessBase"]
[SourceDate "2021.10.24"]
[SourceVersion "1"]
[SourceVersionDate "2021.10.24"]
[SourceQuality "1"]

1. d4 Nf6 2. c4 e6 3. Nc3 Bb4 4. f3 d5 5. a3 Bxc3+ 6. bxc3 0-0 7. cxd5 exd5 8. e3 Bf5 9. Ne2 Nc6 10. Nf4 Na5 11. Be2 h6 12. g4 Bh7 13. h4 Kh8 14. g5 Ng8 15. Bd3 Bxd3 16. Qxd3 c6 17. Ra2 Nb3 18. Qb1 Nxc1 19. Qxc1 Rc8 20. Kf2 Qd6 21. Qg1 Ne7 22. Qg4 b6 23. a4 c5 24. gxh6 gxh6 25. Qh5 cxd4 26. cxd4 Kh7 27. Rg1 f5 28. Rg3 Rc1 29. Kg2 Rc3 30. Kh3 Rxe3 0-1

[Event "FICGS W-ch st1 g06 email"]
[Site "FICGS email"]
[Date "2012.11.01"]
[Round "1"]
[White "Polkwitzauer, Ardiantez"]
[Black "Dikant, Christophe"]
[Result "1-0"]
[WhiteElo "2083"]
[BlackElo "1624"]
[PlyCount "71"]
[EventDate "2012.??.??"]
[EventType "tourn (corr)"]
[EventRounds "8"]
[SourceTitle "Corr 2022"]
[Source "ChessBase"]
[SourceDate "2021.10.24"]
[SourceVersion "1"]
[SourceVersionDate "2021.10.24"]
[SourceQuality "1"]

1. e4 d6 2. d4 Nf6 3. Nc3 e5 4. dxe5 dxe5 5. Qxd8+ Kxd8 6. Nf3 Bd6 7. Be3 Be6 8. Ng5 Nbd7 9. f3 Ke7 10. 0-0-0 a6 11. Nxe6 fxe6 12. a3 b5 13. Kb1 Rhb8 14. Na2 c5 15. Bd2 b4 16. a4 b3 17. cxb3 Rxb3 18. Nc1 Rb7 19. h4 Nb6 20. a5 Nbd7 21. h5 Nb8 22. h6 g6 23. Bg5 Bc7 24. Bc4 Nc6 25. Nd3 Bd6 26. Nf2 Nd4 27. Ng4 Rf8 28. f4 exf4 29. e5 Bxe5 30. Nxe5 Kd6 31. Bxf4 Nd5 32. Nxg6+ Nxf4 33. Nxf8 Rf7 34. g3 Nd5 35. Nxe6 Kxe6 36. Rh5 1-0

[Event "FICGS W-ch st1 g06 email"]
[Site "FICGS email"]
[Date "2012.11.01"]
[Round "1"]
[White "Polkwitzauer, Ardiantez"]
[Black "Melquiades, Jay"]
[Result "1-0"]
[WhiteElo "2083"]
[BlackElo "962"]
[PlyCount "55"]
[EventDate "2012.??.??"]
[EventType "tourn (corr)"]
[EventRounds "8"]
[SourceTitle "Corr 2022"]
[Source "ChessBase"]
[SourceDate "2021.10.24"]
[SourceVersion "1"]
[SourceVersionDate "2021.10.24"]
[SourceQuality "1"]

1. e4 e5 2. Nf3 d6 3. d4 Bg4 4. dxe5 Nc6 5. Bb5 Nge7 6. exd6 Qxd6 7. Qxd6 cxd6 8. Nc3 0-0-0 9. Be3 Ne5 10. Be2 N7g6 11. Nxe5 Bxe2 12. Nxg6 hxg6 13. Kxe2 d5 14. Nxd5 Bd6 15. Bxa7 Rhe8 16. Kd3 Bc5 17. Bxc5 Kb8 18. f4 f5 19. c4 fxe4+ 20. Ke3 b5 21. Nb4 bxc4 22. Nc6+ Kc7 23. Nxd8 Rxd8 24. Rhc1 Rd3+ 25. Kxe4 Rd2 26. Rxc4 Rxg2 27. Kf3 Rxh2 28. Bg1+ 1-0

[Event "FICGS W-ch st1 g16 email"]
[Site "FICGS email"]
[Date "2012.01.01"]
[Round "1"]
[White "Orden, Jorge"]
[Black "Polkwitzauer, Ardiantez"]
[Result "0-1"]
[WhiteElo "1162"]
[BlackElo "2078"]
[PlyCount "82"]
[EventDate "2012.??.??"]
[EventType "tourn (corr)"]
[EventRounds "8"]
[SourceTitle "Corr 2022"]
[Source "ChessBase"]
[SourceDate "2021.10.24"]
[SourceVersion "1"]
[SourceVersionDate "2021.10.24"]
[SourceQuality "1"]

1. e4 e5 2. Nf3 Nc6 3. Nc3 Nf6 4. a3 Bc5 5. h3 0-0 6. Be2 d5 7. d3 dxe4 8. Nxe4 Nxe4 9. dxe4 Qxd1+ 10. Bxd1 Be6 11. 0-0 f6 12. b4 Bb6 13. Re1 Rfd8 14. Be3 Nd4 15. Nh2 a5 16. Rc1 Nb5 17. Bxb6 cxb6 18. a4 Nc3 19. Ra1 axb4 20. Nf1 Ba2 21. Ne3 Rxa4 22. f3 b3 23. cxb3 Raa8 24. Nc4 Nxd1 25. Rexd1 Rxd1+ 26. Rxd1 Bxb3 27. Nxb6 Bxd1 28. Nxa8 b5 29. Nb6 Bb3 30. Nd7 b4 31. Nc5 Bc4 32. Na4 Kf7 33. Nb2 Bb5 34. Kf2 Ke6 35. Ke3 Kd6 36. f4 exf4+ 37. Kxf4 Kc5 38. Ke3 b3 39. g4 Kb4 40. g5 Kc3 41. gxf6 gxf6 0-1

[Event "FICGS unrated 00001 email"]
[Site "FICGS email"]
[Date "2011.07.06"]
[Round "1"]
[White "Polkwitzauer, Ardiantez"]
[Black "Vollmer, Steve"]
[Result "1-0"]
[WhiteElo "2000"]
[BlackElo "1617"]
[PlyCount "45"]
[EventDate "2011.??.??"]
[EventType "swiss (corr)"]
[EventRounds "1"]
[SourceTitle "Corr 2013"]
[Source "ChessBase"]
[SourceDate "2012.11.12"]
[SourceVersion "1"]
[SourceVersionDate "2012.11.12"]
[SourceQuality "1"]

1. e4 e5 2. Nf3 Nc6 3. Bb5 a6 4. Ba4 Nf6 5. 0-0 b5 6. Bb3 Be7 7. d4 exd4 8. e5 Ne4 9. Bd5 Nc5 10. Nxd4 Bb7 11. Nf5 0-0 12. Qg4 g6 13. Re1 Ne6 14. Nc3 h5 15. Qg3 Kh7 16. Nxe7 Qxe7 17. Ne4 Ned4 18. Bg5 Qb4 19. Nf6+ Kh8 20. Nxh5 Nf5 21. Qh3 gxh5 22. Qxh5+ Kg8 23. Bf6 1-0

[Event "FICGS class A 000094 email"]
[Site "FICGS email"]
[Date "2011.05.12"]
[Round "1"]
[White "Ponce, Trond"]
[Black "Polkwitzauer, Ardiantez"]
[Result "1-0"]
[WhiteElo "2000"]
[BlackElo "2000"]
[PlyCount "93"]
[EventDate "2011.??.??"]
[EventType "tourn (corr)"]
[EventRounds "6"]
[SourceTitle "Corr 2022"]
[Source "ChessBase"]
[SourceDate "2021.10.24"]
[SourceVersion "1"]
[SourceVersionDate "2021.10.24"]
[SourceQuality "1"]

1. e4 e5 2. Nf3 Nc6 3. Nc3 Nf6 4. d4 exd4 5. Nxd4 Bb4 6. Nxc6 bxc6 7. Bd3 0-0 8. 0-0 Re8 9. Qf3 d6 10. Bg5 Rb8 11. Rab1 Re5 12. Bxf6 Qxf6 13. Qxf6 gxf6 14. Ne2 Bc5 15. c3 a5 16. Nd4 Bd7 17. b3 Rbe8 18. h3 Bb6 19. Nf3 Rc5 20. Rbc1 a4 21. b4 Rh5 22. c4 Bc8 23. Rc3 f5 24. exf5 Bxf5 25. Rfc1 Be6 26. Bf1 Rf5 27. Ra3 Ra8 28. g3 Rf6 29. Kg2 c5 30. b5 Bd7 31. Ng5 Bf5 32. Bd3 Bxd3 33. Rxd3 Ba5 34. h4 Rf5 35. Nh3 Re5 36. Nf4 h6 37. Rc2 Re1 38. Re2 Rc1 39. Nd5 Rxc4 40. Rf3 Rd4 41. Nf6+ Kf8 42. Nd7+ Kg8 43. Re7 Rg4 44. Nf6+ Kf8 45. Rd7 Rg7 46. Rf4 Bb6 47. a3 1-0